Complexity is not appealing (Record no. 75810)

MARC details
000 -LEADER
fixed length control field 00975cab a2200193 4500
001 - CONTROL NUMBER
control field L130818
008 - FIXED-LENGTH DATA ELEMENTS--GENERAL INFORMATION
fixed length control field 050901n2005 000 0 eng u
035 ## - SYSTEM CONTROL NUMBER
System control number (Sirsi) u130818
041 0# - LANGUAGE CODE
Language code of text/sound track or separate title eng
100 1# - MAIN ENTRY--PERSONAL NAME
Personal name Dodsworth, Catriona
245 00 - TITLE STATEMENT
Title Complexity is not appealing
260 ## - PUBLICATION, DISTRIBUTION, ETC.
Date of publication, distribution, etc. 2005
490 #4 - SERIES STATEMENT
Series statement Construction News
Volume/sequential designation (6931) 25 August 2005, 39(1)
520 ## - SUMMARY, ETC.
Summary, etc. Reports on the issue of getting permission to appeal in complex and technical cases as raised in the case "Yorkshire Water Services v Taylor Woodrow Construction Northern and Others" ([2005] EWCA Civ 894, [2005] NPC 96). The implication is that permission is unlikely to be granted in such cases unless the judge is clearly wrong or beyond his jurisdiction.
590 ## - LOCAL NOTE (RLIN)
Local note IKA130905
650 ## - SUBJECT ADDED ENTRY--TOPICAL TERM
Topical term or geographic name entry element YORKSHIRE WATER SERVICES V TAYLOR WOODROW CONSTRUCTION NORTHER AND OTHERS
690 ## - LOCAL SUBJECT ADDED ENTRY--TOPICAL TERM (OCLC, RLIN)
Topical term or geographic name as entry element MANAGEMENT-DISPUTE AVOIDANCE, MANAGEMENT AND RESOLUTION-DISPUTE MANAGEMENT AND RESOLUTION-CASE MANAGEMENT
942 ## - ADDED ENTRY ELEMENTS (KOHA)
Suppress in OPAC 0
Holdings
Withdrawn status Lost status Source of classification or shelving scheme Damaged status Not for loan Home library Current library Shelving location Date acquired Total Checkouts Full call number Barcode Date last seen Copy number Price effective from Koha item type
    Dewey Decimal Classification     London London Journal article 01/09/2005   L130818 130818-1001 06/08/2019 1 06/08/2019 Journal article